00570 a2200181 450000500170000001000140001702000270003103500130005803500170007103700150008803700220010308200120012524500860013726000450022327000620026830000390033070000190036920181013142119.0 aENG-86600 a9780195684964c1500.00 aEN-70133 aB-360877-883 bDBAD / PUB bUppal Book Store  a791.437 aThe immortal dialogue of K. Asif's Mughal-E-Azam /cby Amanullah Khan ... [et al] aNew DelhibOxford University Pressc2007 aYMCA Library Building, Jai Singh RoadbNew Delhie110 001 axiii, 217pc22cm (Hb)bcol. photos aAmanullah Khan